[Event "Reykjavik Open 2016"]
[Site "Reykjavik ISL"]
[Date "2016.03.09"]
[Round "2.74"]
[White "Carlsen, Henrik"]
[Black "Petersons, Ojars"]
[Result "1-0"]
[WhiteElo "2011"]
[BlackElo "1791"]
[WhiteFideId "1502832"]
[BlackFideId "11607769"]
[EventDate "2016.03.08"]

1. e4 c5 2. f4 d5 3. exd5 Qxd5 4. Nf3 Nc6 5. Nc3 Qd6 6. Bc4 Nf6 7. d4 Nxd4 8.
Be3 Be6 9. Bb5+ Bd7 10. Bxd4 cxd4 11. Qxd4 Qxd4 12. Nxd4 O-O-O 13. O-O-O e6 14.
Rhe1 Bb4 15. Re3 a6 16. Bxd7+ Rxd7 17. Na4 Rdd8 18. Rb3 Bd6 19. g3 Ne4 20. Nb6+
Kb8 21. Nc4 Bc7 22. Nc6+ Kc8 23. Nxd8 Bxd8 24. Nd6+ Nxd6 25. Rxd6 Bf6 26. Rbd3
Rd8 27. Rxd8+ Bxd8 28. c4 h5 29. Kc2 g6 30. b4 Bf6 31. Kb3 Kc7 32. a4 Be7 33. a5
Bd6 34. c5 Be7 35. Kc4 Kc6 36. h3 Bf6 37. Rd6+ Kc7 38. b5 axb5+ 39. Kxb5 Be7 40.
a6 bxa6+ 41. Rxa6 Kb7 42. c6+ Kb8 43. Rb6+ Kc8 44. Rb7 Kd8 45. Kb6 1-0

[Event "Reykjavik Open 2016"]
[Site "Reykjavik ISL"]
[Date "2016.03.09"]
[Round "2.75"]
[White "Ingebretsen, Jens E"]
[Black "Danielsson, Robert"]
[Result "1/2-1/2"]
[WhiteElo "1755"]
[BlackElo "2011"]
[WhiteFideId "1522965"]
[BlackFideId "1711490"]
[EventDate "2016.03.08"]

1. e4 c5 2. Nf3 g6 3. c3 Bg7 4. d4 cxd4 5. cxd4 d5 6. e5 Nc6 7. Nc3 Bg4 8. Be2
Nh6 9. O-O Nf5 10. Be3 O-O 11. h3 Bxf3 12. Bxf3 e6 13. Qd2 f6 14. exf6 Qxf6 15.
Ne2 Ncxd4 16. Nxd4 Nxd4 17. Bxd4 Qxd4 18. Qe2 Rfe8 19. Bg4 Qb6 20. Rad1 Rad8 21.
Bf3 Qxb2 22. Qxb2 Bxb2 23. Rb1 Bd4 24. Rxb7 Rb8 25. Rfb1 Bb6 26. Rxb8 Rxb8 27.
Kf1 Rc8 28. Re1 Kf7 29. g3 Kf6 30. Rxe6+ Kxe6 31. Bg4+ Ke5 1/2-1/2

[Event "Reykjavik Open 2016"]
[Site "Reykjavik ISL"]
[Date "2016.03.09"]
[Round "2.76"]
[White "Arnalds, Stefan"]
[Black "Opasiak, Dustin Tennessee"]
[Result "1-0"]
[WhiteElo "2007"]
[BlackElo "1782"]
[WhiteFideId "2304821"]
[BlackFideId "24630217"]
[EventDate "2016.03.08"]

1. d4 Nf6 2. c4 c5 3. Nf3 cxd4 4. Nxd4 e5 5. Nb5 d5 6. cxd5 Bb4+ 7. Bd2 Nxd5 8.
e4 Bxd2+ 9. Qxd2 Nf4 10. Nd6+ Ke7 11. Nxc8+ Qxc8 12. g3 Ne6 13. Nc3 Nc6 14. Nd5+
Kf8 15. Bh3 Qd8 16. O-O Ned4 17. f4 Qd6 18. Rac1 Rd8 19. b4 a6 20. a4 Nb3 21.
Qf2 Nxc1 22. fxe5 Ne2+ 23. Qxe2 Qxe5 24. b5 axb5 25. axb5 Qd4+ 26. Kh1 Ne5 27.
Bg2 g6 28. Rd1 Qc4 29. Qf2 Qb3 30. Rf1 f5 31. Qc5+ Kg7 32. Qe7+ Nf7 33. Qf6+ Kf8
34. exf5 gxf5 35. Qxf5 Qxb5 36. Qxf7# 1-0

[Event "Reykjavik Open 2016"]
[Site "Reykjavik ISL"]
[Date "2016.03.09"]
[Round "2.77"]
[White "Magnusdottir, Veronika Steinunn"]
[Black "Probst, Alexander"]
[Result "0-1"]
[WhiteElo "1741"]
[BlackElo "2006"]
[WhiteFideId "2309114"]
[BlackFideId "4657535"]
[EventDate "2016.03.08"]

1. e4 e5 2. Nf3 Nf6 3. Nxe5 d6 4. Nf3 Nxe4 5. Nc3 Nf6 6. d4 Be7 7. Bd3 Bg4 8.
Be3 Nc6 9. h3 Be6 10. Qd2 Nb4 11. Bb5+ c6 12. Ba4 O-O 13. a3 Nbd5 14. Nxd5 Bxd5
15. c3 Be4 16. Bc2 Bxc2 17. Qxc2 Nd5 18. Bd2 Re8 19. O-O b5 20. a4 a6 21. Rfe1
Bf6 22. Rxe8+ Qxe8 23. Ng5 g6 24. Ne4 Be7 25. Re1 Qd7 26. b3 bxa4 27. bxa4 Rb8
28. Rb1 Qc7 29. c4 Rxb1+ 30. Qxb1 Qb6 31. Qxb6 Nxb6 32. c5 dxc5 33. Nxc5 Bxc5
34. dxc5 Nxa4 35. Be3 f5 36. Kh2 Kf7 37. Kg3 Kf6 38. Kh4 Kf7 39. Kg5 Nc3 40. f3
Nd5 41. Bd4 a5 42. g4 fxg4 43. hxg4 a4 44. Bb2 Nb4 45. Bc3 Nc2 46. Kf4 a3 47.
Ke5 Ke7 48. f4 a2 49. f5 gxf5 50. gxf5 a1=Q 51. Bxa1 Nxa1 52. f6+ Kf7 53. Kd6 h5
54. Kxc6 Nb3 55. Kd6 Nxc5 56. Ke5 Nd7+ 57. Kf5 Nxf6 0-1

[Event "Reykjavik Open 2016"]
[Site "Reykjavik ISL"]
[Date "2016.03.09"]
[Round "2.78"]
[White "Baer, Samuel"]
[Black "Bernhard, Julia"]
[Result "1/2-1/2"]
[WhiteElo "2003"]
[BlackElo "1769"]
[WhiteFideId "1310518"]
[BlackFideId "1620860"]
[EventDate "2016.03.08"]

1. d4 Nf6 2. c4 e5 3. dxe5 Ng4 4. Bf4 g5 5. Bg3 Bg7 6. Nc3 Nxe5 7. e3 d6 8. Rc1
Be6 9. Be2 a6 10. b3 Nbd7 11. Nf3 h5 12. Nxe5 Bxe5 13. Bxe5 Nxe5 14. Qd4 c5 15.
Qd2 Qc7 16. Ne4 O-O-O 17. Nxg5 Rhg8 18. Nxe6 fxe6 19. g3 h4 20. e4 Qh7 21. Qe3
hxg3 22. fxg3 Rdf8 23. Kd2 Ng4 24. Bxg4 Rxg4 25. Rce1 b6 26. Qe2 Qg7 27. Kc2 Qg6
28. Rhf1 Rxf1 29. Qxf1 Rxe4 30. Qd3 Rg4 31. Qxg6 Rxg6 32. Rf1 Kd7 33. Kd3 Ke7
34. Rf3 Rg4 35. Rf4 Rxf4 36. gxf4 Kf6 37. Ke4 b5 38. cxb5 axb5 39. a4 c4 40. a5
cxb3 41. Kd3 e5 42. fxe5+ dxe5 43. Kc3 e4 44. Kxb3 e3 45. Kc2 b4 46. a6 b3+ 47.
Kxb3 e2 48. a7 e1=Q 49. a8=Q Qb1+ 1/2-1/2

[Event "Reykjavik Open 2016"]
[Site "Reykjavik ISL"]
[Date "2016.03.09"]
[Round "2.81"]
[White "Edel, Fenja"]
[Black "Fischer, Robert"]
[Result "0-1"]
[WhiteElo "1721"]
[BlackElo "1993"]
[WhiteFideId "24696749"]
[BlackFideId "2008653"]
[EventDate "2016.03.08"]

1. e4 e5 2. Nc3 Nf6 3. Bc4 Nc6 4. d3 Na5 5. Bb3 Bb4 6. f4 Nxb3 7. axb3 exf4 8.
Bxf4 d5 9. exd5 Nxd5 10. Bd2 O-O 11. Nge2 Bxc3 12. Bxc3 Ne3 13. Qd2 Re8 14. Ra4
Qd5 15. Rg1 Bg4 16. Rd4 Nxg2+ 17. Kd1 Rxe2 0-1

[Event "Reykjavik Open 2016"]
[Site "Reykjavik ISL"]
[Date "2016.03.09"]
[Round "2.82"]
[White "Haraldsson, Haraldur"]
[Black "Ontiveros, John"]
[Result "1-0"]
[WhiteElo "1988"]
[BlackElo "1729"]
[WhiteFideId "2311100"]
[BlackFideId "2303981"]
[EventDate "2016.03.08"]

1. e4 e5 2. Nf3 Nc6 3. Bc4 Be7 4. O-O Nf6 5. Re1 O-O 6. c3 d6 7. h3 Be6 8. Bxe6
fxe6 9. d4 exd4 10. cxd4 Kh8 11. Nc3 d5 12. e5 Ne4 13. Nxe4 dxe4 14. Rxe4 Qd5
15. Rf4 Rad8 16. Rxf8+ Bxf8 17. Be3 Ne7 18. Ng5 Kg8 19. Qh5 h6 20. Qf7+ Kh8 21.
Nxe6 Rc8 22. Re1 Qxa2 23. Bxh6 gxh6 24. Qf6+ Kg8 25. Re3 Qb1+ 26. Kh2 Nf5 27.
Rf3 Ng7 28. Qf7+ Kh8 29. Nxf8 Qe4 30. Rf6 1-0

[Event "Reykjavik Open 2016"]
[Site "Reykjavik ISL"]
[Date "2016.03.09"]
[Round "2.83"]
[White "Steingrimsson, Karl Egill"]
[Black "Korning, Peter"]
[Result "0-1"]
[WhiteElo "1693"]
[BlackElo "1987"]
[WhiteFideId "2304791"]
[BlackFideId "1723332"]
[EventDate "2016.03.08"]

1. Nf3 d5 2. d4 c5 3. e3 Nf6 4. Be2 g6 5. O-O Bg7 6. c3 O-O 7. h3 Nc6 8. Nbd2
Qb6 9. dxc5 Qxc5 10. Nd4 e5 11. Nxc6 bxc6 12. a4 Be6 13. Nb3 Qe7 14. f4 Ne4 15.
fxe5 Bxh3 16. Bg4 Bxg4 17. Qxg4 Qxe5 18. Nd4 f5 19. Qh3 Rac8 20. Rf4 c5 21. Nf3
Qe7 22. Rh4 Bf6 23. Rh6 Ng5 24. Qg3 Qc7 25. Qxc7 Rxc7 26. Nxg5 Bxg5 27. Rh3 Re8
28. Kf2 Re4 29. Ra3 Rb7 30. Kf3 Bf6 31. Rh1 h5 32. Rd1 Re5 33. b3 Kf7 34. c4
dxc4 35. bxc4 Re4 36. Rad3 Rxc4 37. Ba3 Rxa4 38. Bxc5 Rc4 39. Rd7+ Rxd7 40.
Rxd7+ Ke6 41. Rd6+ Ke5 42. Rc6 Kd5 43. Rxf6 Rxc5 44. Rxg6 a5 45. Rg5 Kc4 46.
Rxh5 a4 47. Rh1 a3 48. e4 fxe4+ 49. Kxe4 a2 50. g4 Kb3 51. Ra1 Kb2 52. Rxa2+
Kxa2 53. Kf4 Rc1 54. Kf5 Rf1+ 55. Kg6 Kb3 56. g5 Kc4 57. Kh7 Kd5 58. g6 Ke6 59.
g7 Rh1+ 60. Kg8 Kf6 61. Kf8 Ra1 62. Kg8 Rg1 63. Kh8 Kf7 0-1

[Event "Reykjavik Open 2016"]
[Site "Reykjavik ISL"]
[Date "2016.03.09"]
[Round "2.84"]
[White "Kempen, Leon"]
[Black "Viktorsson, Svavar"]
[Result "1/2-1/2"]
[WhiteTitle "CM"]
[WhiteElo "1977"]
[BlackElo "1701"]
[WhiteFideId "3203786"]
[BlackFideId "2304520"]
[EventDate "2016.03.08"]

1. d4 Nf6 2. c4 g6 3. Nc3 d5 4. cxd5 Nxd5 5. e4 Nxc3 6. bxc3 Bg7 7. Qa4+ Nd7 8.
Nf3 c5 9. Bd3 O-O 10. Be3 Qc7 11. Rc1 a6 12. Qa3 b6 13. O-O Bb7 14. Nd2 b5 15.
f3 Rfd8 16. Bb1 e5 17. d5 Bf8 18. c4 b4 19. Qd3 a5 20. Rfe1 Rdb8 21. Qf1 Ra6 22.
Qf2 a4 23. Rf1 b3 24. axb3 axb3 25. Nxb3 Ra3 26. Qb2 Rba8 27. Rc3 Qb6 28. Bc1
Qb4 29. Qc2 R3a4 30. Nd2 Qa5 31. Rb3 Ba6 32. Qc3 Qxc3 33. Rxc3 Nb6 1/2-1/2

[Event "Reykjavik Open 2016"]
[Site "Reykjavik ISL"]
[Date "2016.03.09"]
[Round "2.85"]
[White "Hansen, Lars-Henrik Bech"]
[Black "Einarsson, Oskar Long"]
[Result "1-0"]
[WhiteElo "1970"]
[BlackElo "1691"]
[WhiteFideId "1402021"]
[BlackFideId "2309220"]
[EventDate "2016.03.08"]

1. e4 c5 2. Nf3 d6 3. d4 Nf6 4. Nc3 cxd4 5. Nxd4 a6 6. Be3 Ng4 7. Bc1 Nc6 8. Be2
Qb6 9. Bxg4 Bxg4 10. Qxg4 Qxd4 11. O-O g6 12. Nd5 Ne5 13. Qh3 Qc5 14. Be3 Qc6
15. f4 Nc4 16. Bd4 f6 17. Bxf6 exf6 18. Qe6+ Kd8 19. Qxf6+ 1-0

[Event "Reykjavik Open 2016"]
[Site "Reykjavik ISL"]
[Date "2016.03.09"]
[Round "2.86"]
[White "Enersen, Eirik S."]
[Black "Bak, Christopher"]
[Result "1/2-1/2"]
[WhiteElo "1689"]
[BlackElo "1969"]
[WhiteFideId "1520784"]
[BlackFideId "439517"]
[EventDate "2016.03.08"]

1. e4 e5 2. Nf3 Nc6 3. Nc3 Nf6 4. Bb5 Nd4 5. Nxd4 exd4 6. e5 dxc3 7. exf6 Qxf6
8. dxc3 Be7 9. Be3 O-O 10. O-O d6 11. Bd3 c5 12. Re1 Be6 13. Be4 Rab8 14. Qf3 b5
15. Bd5 Qxf3 16. Bxf3 Rfd8 17. Rad1 a5 18. Bd5 Kf8 19. Bf4 Bf5 20. Be4 Bxe4 21.
Rxe4 g5 22. Bc1 h6 23. Rd5 Bf6 24. Kf1 b4 25. c4 Kg7 26. b3 Be5 27. g3 f5 28.
Re2 Kf6 29. f4 Bd4 30. Be3 Bxe3 31. Rxe3 gxf4 32. Rf3 fxg3 33. hxg3 a4 34.
Rdxf5+ Kg6 35. Rf6+ Kg5 36. R6f5+ Kg6 37. Rf6+ Kg7 38. Rf7+ Kg6 39. R7f6+ Kg7
40. Rf7+ Kg6 41. R7f6+ Kg7 42. Rf7+ 1/2-1/2

[Event "Reykjavik Open 2016"]
[Site "Reykjavik ISL"]
[Date "2016.03.09"]
[Round "2.87"]
[White "Finnsson, Johann Arnar"]
[Black "Yin, Stanley"]
[Result "0-1"]
[WhiteElo "1664"]
[BlackElo "1961"]
[WhiteFideId "2308240"]
[BlackFideId "24622729"]
[EventDate "2016.03.08"]

1. e4 c6 2. Nc3 g6 3. g3 Bg7 4. Bg2 Na6 5. Nge2 d6 6. O-O Nf6 7. d3 h5 8. h4 Bg4
9. Be3 Qc8 10. Kh2 e5 11. Qd2 Nc7 12. Rad1 Be6 13. f3 c5 14. f4 Ng4+ 15. Kg1
Nxe3 16. Qxe3 Bg4 17. fxe5 Bxe5 18. Rde1 Ne6 19. Kh2 Qd8 20. Nd5 Qxh4+ 21. Kg1
Qd8 22. c3 h4 23. Qf2 Rh7 24. Nef4 g5 25. Nxe6 Bxe6 26. Nf6+ Bxf6 27. Qxf6 Qxf6
28. Rxf6 Ke7 29. Rf3 h3 30. Bf1 Kd7 31. Kh2 Rf8 32. e5 d5 33. d4 cxd4 34. cxd4
Rc8 35. Rb3 b6 36. a4 Bg4 37. Bd3 Rh6 38. a5 Ke7 39. Ra3 b5 40. Rc3 Rxc3 41.
bxc3 Rc6 42. Rc1 a6 43. Bf1 Bf3 44. Bd3 g4 45. Bf1 f6 46. exf6+ Rxf6 47. Re1+
Kd7 48. Bd3 Rc6 49. Rc1 Be4 50. Be2 b4 51. Bxg4+ Ke7 52. Bxh3 b3 0-1

[Event "Reykjavik Open 2016"]
[Site "Reykjavik ISL"]
[Date "2016.03.09"]
[Round "2.88"]
[White "Kuehn, Matthias"]
[Black "Davidsson, Oskar Vikingur"]
[Result "1-0"]
[WhiteElo "1957"]
[BlackElo "1628"]
[WhiteFideId "24681288"]
[BlackFideId "2310627"]
[EventDate "2016.03.08"]

1. e4 c5 2. Nc3 e6 3. f4 d5 4. d3 Nc6 5. Nf3 Nge7 6. g4 g6 7. Bg2 Bg7 8. O-O O-O
9. h4 d4 10. Ne2 f5 11. exf5 exf5 12. g5 Nd5 13. h5 gxh5 14. Ng3 Re8 15. Nh4 Ne3
16. Bxe3 dxe3 17. Qxh5 Nb4 18. a3 Nxc2 19. Rac1 Nd4 20. Rxc5 Be6 21. Ne2 Bf7 22.
g6 hxg6 23. Nxg6 Bxg6 24. Bd5+ Qxd5 25. Rxd5 Bxh5 26. Nxd4 Bxd4 27. Rxd4 Red8
28. Rb4 Rd7 29. Re1 e2 30. Kf2 Rad8 31. d4 Rxd4 32. Rxb7 Rxf4+ 33. Ke3 Rf3+ 34.
Kxe2 Rb3+ 1-0

[Event "Reykjavik Open 2016"]
[Site "Reykjavik ISL"]
[Date "2016.03.09"]
[Round "2.89"]
[White "Norlander, Svante"]
[Black "Edvardsen, Ragnar"]
[Result "0-1"]
[WhiteElo "1649"]
[BlackElo "1954"]
[WhiteFideId "1716930"]
[BlackFideId "1502719"]
[EventDate "2016.03.08"]

1. d4 Nf6 2. c4 g6 3. Nc3 d5 4. Nf3 Bg7 5. Ne5 O-O 6. cxd5 Nxd5 7. Qc2 Nb4 8.
Qb3 a5 9. Nxf7 Rxf7 10. a3 N4c6 11. e3 e6 12. Bc4 a4 13. Nxa4 Na5 14. Qc2 Nxc4
15. Qxc4 b5 16. Qd3 bxa4 17. h4 Ba6 18. Qe4 Qd5 0-1

[Event "Reykjavik Open 2016"]
[Site "Reykjavik ISL"]
[Date "2016.03.09"]
[Round "2.90"]
[White "Andersen, Niels Erik"]
[Black "O'Gorman, Alice"]
[Result "1-0"]
[WhiteElo "1947"]
[BlackElo "1620"]
[WhiteFideId "1406507"]
[BlackFideId "2508214"]
[EventDate "2016.03.08"]

1. d4 d5 2. c4 e6 3. Nc3 Nf6 4. cxd5 exd5 5. Bg5 Be7 6. e3 c6 7. Bd3 Nbd7 8. Qc2
O-O 9. Nge2 Re8 10. O-O h6 11. Bf4 Nf8 12. h3 Bd6 13. a3 Ne6 14. Bxd6 Qxd6 15.
b4 Bd7 16. Ng3 Rac8 17. Nf5 Qc7 18. Rac1 Qb8 19. Qb2 Ng5 20. Qe2 Nge4 21. Bxe4
dxe4 22. Ng3 Qd6 23. Qc2 Qe7 24. Na4 b6 25. Nb2 b5 26. Qc5 Ra8 27. Nf5 Qxc5 28.
Rxc5 Nd5 29. Nd6 Re6 30. Nxb5 Rg6 31. Kh2 Nxe3 32. fxe3 cxb5 33. Rfc1 Ra6 34.
R1c3 Kf8 35. Nd1 Ke7 36. Re5+ Re6 37. Rcc5 f6 38. Rxe6+ Kxe6 39. Nc3 a5 40. Nd5
Kd6 41. Nb6 Ra7 42. bxa5 Rxa5 43. Nc4+ bxc4 44. Rxa5 Be6 45. Rc5 Bd5 46. Kg3 g6
47. a4 f5 48. a5 g5 49. a6 f4+ 50. Kf2 Ba8 51. a7 Bb7 52. Rxc4 h5 53. Rc8 g4 54.
a8=Q Bxa8 55. Rxa8 gxh3 56. gxh3 f3 57. Re8 Kd5 58. Re5+ 1-0

[Event "Reykjavik Open 2016"]
[Site "Reykjavik ISL"]
[Date "2016.03.09"]
[Round "2.92"]
[White "Valtysson, Thor"]
[Black "Hjaltalin, Thor"]
[Result "1-0"]
[WhiteElo "1946"]
[BlackElo "1580"]
[WhiteFideId "2301903"]
[BlackFideId "2310813"]
[EventDate "2016.03.08"]

1. d4 d5 2. Nf3 c6 3. e3 Nf6 4. c4 a6 5. Bd3 Bg4 6. Nbd2 b5 7. b3 e6 8. O-O Be7
9. Qc2 g6 10. Ne5 Bf5 11. Bb2 Bxd3 12. Qxd3 O-O 13. Rac1 Nfd7 14. Ndf3 Nxe5 15.
Nxe5 Ra7 16. f4 Rc7 17. Rc2 Nd7 18. Nf3 Nf6 19. Rfc1 Qa8 20. Nd2 Rfc8 21. cxd5
Nxd5 22. a3 Qb7 23. Ne4 Nf6 24. Nc5 Qb6 25. e4 Rd8 26. Qe3 Nd7 27. Nd3 a5 28. b4
a4 29. Nc5 Bf6 30. e5 Bg7 31. Ne4 Bf8 32. Qh3 Be7 33. Qf3 Bf8 34. Rxc6 Rxc6 35.
Rxc6 Qb8 36. Qc3 Nb6 37. Nf6+ Kg7 38. Qh3 h6 39. Rc3 Nc4 40. Qxh6+ 1-0

[Event "Reykjavik Open 2016"]
[Site "Reykjavik ISL"]
[Date "2016.03.09"]
[Round "2.94"]
[White "Murray, Michael A."]
[Black "Kristjansson, Hjortur"]
[Result "1-0"]
[WhiteElo "1938"]
[BlackElo "1488"]
[WhiteFideId "2609126"]
[BlackFideId "2315076"]
[EventDate "2016.03.08"]

1. e4 c5 2. Nc3 Nf6 3. g3 Nc6 4. Bg2 d6 5. d3 g6 6. Nge2 Bg7 7. h3 O-O 8. g4 Bd7
9. Ng3 Rb8 10. O-O b5 11. g5 Ne8 12. f4 Nd4 13. Nd5 f5 14. c3 Nc6 15. h4 e5 16.
exf5 Bxf5 17. Nxf5 Rxf5 18. Bh3 Rf8 19. f5 gxf5 20. Bxf5 Ne7 21. Nxe7+ Qxe7 22.
Qh5 Bh8 23. Qh6 Rxf5 24. Rxf5 Bg7 25. Qh5 e4 26. Qe2 b4 27. Bd2 Nc7 28. Qxe4 Qd7
29. Raf1 Re8 30. Qf3 Ne6 31. Rf7 Re7 32. Qa8+ Nd8 33. Rxe7 Qxe7 34. Qd5+ Kh8 35.
Qe4 Qd7 36. Qf5 Qc7 37. Re1 Qc6 38. h5 Qb6 39. Re8+ 1-0

[Event "Reykjavik Open 2016"]
[Site "Reykjavik ISL"]
[Date "2016.03.09"]
[Round "2.95"]
[White "Lemery, Jon Thor"]
[Black "Bjorgvinsson, Andri Freyr"]
[Result "0-1"]
[WhiteElo "1495"]
[BlackElo "1937"]
[WhiteFideId "2313499"]
[BlackFideId "2306913"]
[EventDate "2016.03.08"]

1. e4 c5 2. Nf3 e6 3. d4 cxd4 4. Nxd4 Nc6 5. Nc3 Qc7 6. Ndb5 Qb8 7. Be3 a6 8.
Nd4 Nf6 9. f3 Be7 10. Bc4 O-O 11. O-O Qc7 12. Nxc6 Qxc6 13. Bd3 d6 14. f4 b5 15.
a3 Bb7 16. Rf2 e5 17. f5 Rfd8 18. Qe2 d5 19. exd5 Nxd5 20. Nxd5 Qxd5 21. Qg4 e4
22. Be2 f6 23. h4 Bc5 24. c4 Qe5 25. Bxc5 Qxc5 26. cxb5 axb5 27. Re1 Rd2 28. b4
Qb6 29. Kf1 Rad8 30. Qh5 Bd5 31. Qg4 Ra2 32. Qg3 e3 33. Rf4 Rxa3 34. h5 h6 35.
Rg4 Ra7 36. Rf4 Rc7 37. Qg4 Rc2 38. Qg3 Re8 39. Qg4 Qc6 40. Rd4 Re4 41. Rxe4
Bxe4 42. Qg3 Qe8 43. Qg4 Qe5 44. Kg1 Bxf5 45. Qf3 Qe4 46. Qxe4 Bxe4 47. Bxb5
Rxg2+ 48. Kf1 Rg5 49. Bc4+ Bd5 50. Bxd5+ Rxd5 51. Rxe3 Rxh5 52. Rb3 Rb5 53. Kg2
Kf7 54. Kf3 Ke6 55. Re3+ Kf5 56. Rb3 g5 57. Kf2 g4 58. Kg3 Kg5 59. Kg2 h5 60.
Kg3 h4+ 61. Kg2 f5 62. Kh2 h3 63. Kh1 Kh4 64. Kh2 f4 65. Kg1 g3 66. Kh1 f3 67.
Rxf3 Rxb4 68. Kg1 h2+ 69. Kg2 Rb2+ 0-1

[Event "Reykjavik Open 2016"]
[Site "Reykjavik ISL"]
[Date "2016.03.09"]
[Round "2.96"]
[White "Birkisson, Bjorn Holm"]
[Black "Kvamme, Ingrid Jodre"]
[Result "1-0"]
[WhiteElo "1929"]
[BlackElo "1473"]
[WhiteFideId "2310600"]
[BlackFideId "1516981"]
[EventDate "2016.03.08"]

1. c4 c5 2. g3 Nf6 3. Bg2 g6 4. Nc3 Bg7 5. Nf3 Nc6 6. d4 cxd4 7. Nxd4 O-O 8. O-O
Nxd4 9. Qxd4 d6 10. Qd3 a5 11. e4 Nd7 12. b3 Nc5 13. Qc2 Bd7 14. Bb2 Bc6 15.
Rad1 Qc7 16. f4 Rad8 17. g4 b6 18. g5 Qb7 19. Nd5 Bxd5 20. cxd5 Rc8 21. Bxg7
Kxg7 22. Rf3 Qd7 23. Bh3 e6 24. f5 Qe7 25. f6+ 1-0

[Event "Reykjavik Open 2016"]
[Site "Reykjavik ISL"]
[Date "2016.03.09"]
[Round "2.97"]
[White "Knoepfle, Andreas"]
[Black "Davidsson, Joshua"]
[Result "1-0"]
[WhiteElo "1905"]
[BlackElo "1411"]
[WhiteFideId "1270685"]
[BlackFideId "2311631"]
[EventDate "2016.03.08"]

1. d4 d5 2. Nf3 Nf6 3. Bg5 e6 4. c3 Be7 5. Nbd2 b6 6. e3 Bb7 7. Bd3 Nbd7 8. O-O
O-O 9. Qc2 h6 10. Bh4 c5 11. Ne5 c4 12. Be2 Nxe5 13. dxe5 Nd7 14. Bxe7 Qxe7 15.
f4 f5 16. Nf3 Nc5 17. Nd4 Rae8 18. Rad1 a6 19. Rf3 Ne4 20. Rh3 Kh7 21. Bf3 Rg8
22. g4 g5 23. Bxe4 fxe4 24. f5 Bc8 25. f6 Qc7 26. Rf1 Ref8 27. Qg2 Qxe5 28. Nc6
Qd6 29. Ne7 Rg6 30. Nxg6 Kxg6 31. Rh5 Rh8 32. Rf2 e5 33. Qf1 Bxg4 34. f7 Rf8 35.
Rxh6+ Kxh6 36. Rf6+ Qxf6 37. Qxf6+ Kh7 38. Qe7 Kg7 39. Qxe5+ Kxf7 40. Qxd5+ Kg6
41. Qxe4+ Bf5 42. Qg2 Rd8 43. Qc6+ Kh5 44. Qf3+ Kg6 45. e4 Be6 46. e5 Bf5 47.
Qe2 Bd3 48. Qe3 Kf5 49. Qxb6 Rd5 50. Qf6+ Ke4 51. Kf2 g4 52. Qg6+ Kxe5 53. Qxg4
Kd6 54. h4 Rf5+ 55. Kg3 Rf1 56. Qd4+ Ke7 57. Qa7+ Kf6 58. Qxa6+ Kf5 59. Qc8+ Ke5
60. a4 Rg1+ 61. Kh2 Ra1 62. Qc5+ Ke6 63. Qe3+ Kd5 64. Qf3+ 1-0

[Event "Reykjavik Open 2016"]
[Site "Reykjavik ISL"]
[Date "2016.03.09"]
[Round "2.98"]
[White "Sigurdarson, Alec Elias"]
[Black "Jonsson, Olafur Gisli"]
[Result "1-0"]
[WhiteElo "1365"]
[BlackElo "1904"]
[WhiteFideId "2311003"]
[BlackFideId "2302705"]
[EventDate "2016.03.08"]

1. e4 c5 2. Nf3 d6 3. d4 cxd4 4. Nxd4 Nf6 5. Nc3 a6 6. g3 e5 7. Nde2 Be7 8. Bg2
O-O 9. O-O Qc7 10. a4 b6 11. h3 Nc6 12. Bg5 Be6 13. g4 Rac8 14. Ng3 Nd4 15. Be3
Qc4 16. Nf5 Bxf5 17. exf5 d5 18. g5 Ne4 19. Nxd5 Bc5 20. Bxd4 Qxd5 21. Bxc5 Qxd1
22. Rfxd1 Nxc5 23. b4 b5 24. bxc5 Rxc5 25. axb5 axb5 26. Be4 f6 27. gxf6 gxf6
28. Rd5 Rxd5 29. Bxd5+ Kg7 30. Ra7+ Kh6 31. Rb7 Rc8 32. Be4 Rc5 33. Bd3 Rd5 34.
Rxb5 Rd7 35. Rb6 Kg5 36. Kg2 h5 37. h4+ Kxh4 38. Rxf6 Kg5 39. Rg6+ Kf4 40. f6 e4
41. Rg7 Rd6 42. f7 Rf6 43. Bc4 1-0

[Event "Reykjavik Open 2016"]
[Site "Reykjavik ISL"]
[Date "2016.03.09"]
[Round "2.99"]
[White "Modder, Frank"]
[Black "Kristjansson, Halldor Atli"]
[Result "1-0"]
[WhiteElo "1904"]
[BlackElo "1346"]
[WhiteFideId "24631612"]
[BlackFideId "2310988"]
[EventDate "2016.03.08"]

1. e4 c5 2. c3 e6 3. Nf3 Nc6 4. d4 cxd4 5. Nxd4 Nf6 6. Nxc6 bxc6 7. Qc2 Bc5 8.
Bg5 e5 9. Bc4 d6 10. O-O O-O 11. Nd2 Bb7 12. Nf3 Qe7 13. Rad1 Rfd8 14. Rfe1 a5
15. Rd3 Rd7 16. Nh4 d5 17. exd5 cxd5 18. Bb5 Rdd8 19. Rf3 e4 20. Bxf6 gxf6 21.
Rg3+ Kh8 22. Qc1 Bd6 23. Qh6 Bxg3 24. Nf5 Bxh2+ 25. Kh1 Qf8 26. Qxf6+ Kg8 27.
Ne7+ Qxe7 28. Qxe7 Bf4 29. Qxb7 Rab8 30. Qa6 Rd6 31. Qxa5 Rdb6 32. a4 Rh6+ 33.
Kg1 Rbb6 34. Qa8+ Kg7 35. Qxd5 Bh2+ 36. Kf1 1-0

[Event "Reykjavik Open 2016"]
[Site "Reykjavik ISL"]
[Date "2016.03.09"]
[Round "2.101"]
[White "Kolka, Dawid"]
[Black "Thorsteinsdottir, Svava"]
[Result "1-0"]
[WhiteElo "1891"]
[BlackElo "1332"]
[WhiteFideId "2308010"]
[BlackFideId "2310686"]
[EventDate "2016.03.08"]

1. e4 e5 2. Nf3 Nc6 3. Bb5 a6 4. Bxc6 dxc6 5. O-O Bd6 6. h3 Nf6 7. d3 Be6 8. Bg5
h6 9. Bh4 g5 10. Bg3 Nd7 11. d4 f6 12. Qe2 Qe7 13. Rd1 O-O-O 14. c4 exd4 15.
Bxd6 cxd6 16. Nxd4 h5 17. Nd2 Rdg8 18. Qe3 h4 19. f3 Ne5 20. Rac1 Qd7 21. Nxe6
Qxe6 22. Re1 g4 23. fxg4 Nxg4 24. hxg4 Qxg4 25. Re2 h3 26. Qf3 Qg5 27. Qf5+ Qxf5
28. exf5 Rh5 29. Rf1 Rhg5 30. Rff2 d5 31. b3 d4 32. Ne4 Rxg2+ 33. Rxg2 hxg2 34.
Rxg2 Rh8 35. Rd2 Rh4 36. Rxd4 Rg4+ 37. Kf2 Kc7 38. Nc5 Rg8 39. Rd7+ Kb6 40. b4 1-0